000 00643nam a22001217a 4500
040 _cRUA
082 _aLMA HEA 2024 B701 Or.1
100 _aHEANG LYHOUR, ហ៊ាង លីហួរ
245 _aStudy On Processing Of Land Titling Transactions In Sangkat Nirouth, Khan Chbar Ampov, Phnom Penh, សិក្សាពីដំណើរការផ្ទេរប័ណ្ណកម្មសិទ្ធលើអចលនវត្ថុ នៅសង្កាត់និរោធ ខណ្ឌច្បារអំពៅ រាជធានីភ្នំពេញ
260 _aPHNOM PENH
_bRUA
_c2024
300 _ax,
_bill,
_c29cm,
942 _cLMA
999 _c25334
_d25334